| 000 | 00000nam##2200000za#4500 |
| 001 | 9.697263 |
| 003 | CaOODSP |
| 005 | 20210624235413 |
| 007 | cr ||||||||||| |
| 008 | 150407|2007||||xxc|||||o f|0| 0 eng|d |
| 040 | |aCaOODSP|beng |
| 043 | |an-cn--- |
| 086 | 1 |aP4-51/2007E-PDF |
| 110 | 1 |aCanada. |bPublic Works and Government Services Canada. |
| 245 | 10|aBuilding on a solid foundation : |h[electronic resource]|ba new approach to implementing the long term vision and plan / |c[by] Parliamentary Precinct. |
| 260 | |aOttawa - Ontario : |bPublic Works and Government Services Canada |c2007. |
| 300 | |a42p.|bcoloured figs., table, photographs |
| 590 | |a13-03-Supp|b2013-02-11 |
| 690 | 07|aPlanning|2gcpds |
| 690 | 07|aPublic buildings|2gcpds |
| 775 | 08|tBâtir sur une base solide : |w(CaOODSP)9.641324 |
| 856 | 40|ahttp://publications.gc.ca|qPDF|s8.35 MB|uhttps://publications.gc.ca/collections/collection_2013/tpsgc-pwgsc/P4-51-2007-eng.pdf |